00365nam a2200169Ia 4500008004100000041001200041082002100053100001800074245001600092365000700108520001200115546001200127630001600139650001200155655001200167730001600179101110s9999 xx 000 0 und d aMARATHI bSR8756a891.4692 aDandekar G.N. aSmarangatha b30 aMarathi aMARATHI aSmarangatha aMarathi aMarathi aSmarangatha